banner koha

Inseticidas químicos e microbianos no controle da lagarta-do-cartucho na fase inicial da cultura do milho (Registro n. 214057)

MARC details
000 -LÍDER
campo de controle de tamanho fixo 00994nas a2200313 4500
001 - NÚMERO DE CONTROLE
campo de controle BR2011004049
003 - IDENTIFICADOR DO NÚMERO DE CONTROLE
campo de controle BR-BrBNA
005 - DATA E HORÁRIO DA ÚLTIMA TRANSAÇÃO
campo de controle 20231205115502.0
007 - CAMPO FIXO DE DESCRIÇÃO FÍSICA--INFORMAÇÃO GERAL
campo de controle de tamanho fixo ta
008 - CAMPO DE DADOS FIXOS--INFORMAÇÃO GERAL
campo de controle de tamanho fixo 230509b bl.|||p| |||| 00| 00por d
040 ## - FONTE DA CATALOGAÇÃO
Instituição da catalogação original BR-BrBNA
Idioma da catalogação por
Instituição que transcreveu o registro Biblioteca Nacional de Agricultura
041 ## - CÓDIGO DE IDIOMA
Código do idioma do texto/trilha sonora ou título diferente (Pt)
072 ## - CÓDIGO DE CATEGORIA DE ASSUNTO
Código de Categoria de Assunto H10
100 1# - ENTRADA PRINCIPAL--NOME PESSOAL
Nome pessoal Martins, G.M.
100 1# - ENTRADA PRINCIPAL--NOME PESSOAL
Nome pessoal Toscano, L.C.
100 1# - ENTRADA PRINCIPAL--NOME PESSOAL
Nome pessoal Tomquelski, G.V.
100 1# - ENTRADA PRINCIPAL--NOME PESSOAL
Nome pessoal Maruyama, W.I.
245 1# - TÍTULO
Título Inseticidas químicos e microbianos no controle da lagarta-do-cartucho na fase inicial da cultura do milho
246 1# - FORMA VARIANTE DO TÍTULO
Título/título abreviado Microbial insecticides and chemical in the control of fall armyworm on crop corn
650 ## - ASSUNTO--TERMO TÓPICO
Cabeçalho tópico ou nome geográfico MILHO
650 ## - ASSUNTO--TERMO TÓPICO
Cabeçalho tópico ou nome geográfico ZEA MAYS
650 ## - ASSUNTO--TERMO TÓPICO
Cabeçalho tópico ou nome geográfico LAGARTA
650 ## - ASSUNTO--TERMO TÓPICO
Cabeçalho tópico ou nome geográfico LEPIDOPTERO
650 ## - ASSUNTO--TERMO TÓPICO
Cabeçalho tópico ou nome geográfico INSETICIDA
650 ## - ASSUNTO--TERMO TÓPICO
Cabeçalho tópico ou nome geográfico CONTROLE INTEGRADO
773 0# - ENTRADA ANALÍTICA
Título Revista Caatinga (Brazil)
ISSN - International Standard Serial Number ISSN 0100-316X
Partes relacionadas (Apr-Jun 2009), v. 22(2) p. 168-172
Número de controle do registro BR2011004049
909 ## -
-- 202311
-- Lúcia
-- 55
-- Lúcia Elande
942 ## - ELEMENTOS DE ENTRADA ADICIONADOS (KOHA)
Fonte da classificação ou esquema de arquivamento na estante Classificação AGRIS
Ocultar no OPAC Não
Tipo de material Koha Analítica
Exemplares
Situação do descarte Fonte da classificação ou esquema de arquivamento na estante Situação física Não pode ser emprestado Biblioteca de origem Biblioteca atual Localização na estante Enumeração do periódico / cronologia Total de empréstimos Data de último acesso Número do exemplar Tipo de material Koha Fonte de aquisição
  Classificação AGRIS   Consulta local Biblioteca Nacional de Agricultura - Binagri Biblioteca Nacional de Agricultura - Binagri   (Apr-Jun 2009), v. 22(2) p. 168-172   29/11/2023 01 Periódicos Portaria Interministerial nº 164/94

BINAGRI

Telefone: (61)3218-2567/2388/3357/2097 - binagri@agro.gov.br

Ministério da Agricultura e Pecuária , Esplanada dos Ministérios, Bloco D, Anexo B, Brasília/DF, CEP: 70.043-900